Tilastot visalle Sanat: "Jääkärimarssi"

Klikkaa tästä pelataksesi tätä visaa!

Yleistilastot

  • Tätä visaa on pelattu 48 kertaa
  • Keskiarvotulos 95 / 140

Vastaustilastot

Sanat% Oikein
on
100%
on,
100%
voi,
100%
ja
97%
me
94%
Ei
91%
ei
91%
Suomen
91%
voittamaton,
91%
iskumme
88%
kansa.
88%
Syvä
88%
vapaa
88%
viha
88%
jääkärit
84%
kotimaata.
84%
kuin
84%
maa,
84%
armoa
81%
ennen
81%
Kun
81%
saa
81%
soi,
81%
heltyä
78%
mi
78%
saata.
78%
Sotahuutomme
78%
uskoimme
78%
uupua
78%
yhä.
78%
kahleitansa.
75%
kalpamme
75%
kärjessä
75%
katkovi
75%
rintamme
75%
uhmamme
75%
voittaa.
75%
maalle
72%
päin
72%
kostona
69%
nousemme
69%
se
69%
hurmaten
66%
Kullervon,
66%
nyt
66%
onnemme
66%
päät
66%
Koko
63%
uusi
63%
ylpeä,
63%
Häme,
59%
Karjala,
59%
kasvaa,
59%
Satu
59%
yks'
59%
koittaa.
56%
maan,
56%
meill'
56%
Oli
56%
pyhä:
56%
ryntää,
56%
Suomesta
56%
tuhat
56%
vaan
56%
aatos
53%
kansan,
53%
rannat
53%
rinnassa
53%
syntyvä
53%
yö,
53%
muun
50%
suuri
50%
Vienan
50%
kantaa
47%
kohtalot
47%
pois
47%
Sen
47%
tuskaa,
47%
väkivoimat
47%
aatetta
44%
alta.
44%
hurmeisten
44%
jääkärien
44%
jäntevät
44%
käsivarret
44%
leijonalippua
44%
nousevan
44%
painui
44%
rantaa.
44%
sodan
44%
taivahan
44%
Yli
44%
yli
44%
soma
41%
valta.
41%
Pohjan
38%
kenttien
34%
pauhun
34%

Tulosjakauma

Persentiili vastausten määrän mukaan

Jokaisen tuloksen saaneiden osuus

Tuloshistoriasi

Et ole pelannut tätä visaa